000 01336cam a2200337 a 4500
001 EDZ0000085122
003 StDuBDS
005 20161031105218.0
006 m||||||||d||||||||
007 cr |||||||||||
008 120516s2001 enka fo| 001|0|eng d
020 _a9781452229362 (ebook) :
_cNo price
040 _aStDuBDS
_beng
_cStDuBDS
_epn
049 _aAlfaisal Main Library
050 0 _aHF5823
_b.J7174 2001
082 0 4 _a659.1
_223
100 1 _aJones, John Philip.
245 1 4 _aThe ultimate secrets of advertising
_h[electronic resource] /
_cJohn Philip Jones.
260 _aLondon :
_bSAGE,
_cc2001.
300 _a1 online resource (xxvi, 224 p.) :
_bill.
504 _aIncludes bibliographical references and index.
520 8 _aBased on research, this is a thorough study of advertising accountability and the comparison of investment and return. The book demonstrates advertising's effect on consumer purchasing of a brand.
521 _aSpecialized.
588 _aDescription based on print version record.
650 0 _aAdvertising
_xRate of return.
655 7 _aElectronic books.
_2local
710 2 _aSage eBooks
776 0 8 _iPrint version :
_z9780761922445
856 4 0 _uhttp://ezproxy.alfaisal.edu/login?url=http://sk.sagepub.com/books/the-ultimate-secrets-of-advertising
942 _2lcc
_cEBOOKS
999 _c481814
_d481814